Signs & symbols in Christian art, with illustrations from paintings of the Renaissance (Record no. 5654)

MARC details
000 -CABECERA
campo de control de longitud fija 00793nam a2200241 a 4500
001 - NÚMERO DE CONTROL
campo de control BRCA_5965
005 - FECHA Y HORA DE LA ÚLTIMA TRANSACCIÓN
campo de control 20190320205259.0
008 - DATOS DE LONGITUD FIJA--INFORMACIÓN GENERAL
campo de control de longitud fija 250311s1959----nyua######---#000-0#eng-#
041 ## - CÓDIGO DE LENGUA
Código de lengua del texto/banda sonora o título independiente eng
044 ## - CÓDIGO DEL PAÍS DE LA ENTIDAD EDITORA/PRODUCTORA
Código MARC del país nyu
050 #4 - SIGNATURA TOPOGRÁFICA DE LA BIBLIOTECA DEL CONGRESO
Número de clasificación N7830
Número de documento/Ítem .F47 1959
100 1# - ENTRADA PRINCIPAL--NOMBRE DE PERSONA
Nombre de persona Ferguson, George Wells
9 (RLIN) 15068
245 10 - MENCIÓN DE TÍTULO
Título Signs & symbols in Christian art, with illustrations from paintings of the Renaissance
Mención de responsabilidad, etc. George Ferguson.
260 ## - PUBLICACIÓN, DISTRIBUCIÓN, ETC.
Lugar de publicación, distribución, etc. Nueva York
Nombre del editor, distribuidor, etc. Oxford University Press
Fecha de publicación, distribución, etc. 1959
300 ## - DESCRIPCIÓN FÍSICA
Extensión 123 p.
Otras características físicas il. (algunas a color), 112 láminas
Dimensiones 29 cm.
500 ## - NOTA GENERAL
Nota general Incluye lista de láminas
500 ## - NOTA GENERAL
Nota general Estado físico: faltan las láminas V y VI, p. 37
500 ## - NOTA GENERAL
Nota general Ver también S5 (edición 1954)
500 ## - NOTA GENERAL
Nota general G87
650 14 - PUNTO DE ACCESO ADICIONAL DE MATERIA--TÉRMINO DE MATERIA
Término de materia o nombre geográfico como elemento de entrada Arte y simbolismo cristianos
9 (RLIN) 4853
902 ## - CATALOGADOR
Iniciales GFM
942 ## - ELEMENTOS DE PUNTO DE ACCESO ADICIONAL (KOHA)
Fuente del sistema de clasificación o colocación Library of Congress Classification
Tipo de ítem Koha Libros
Holdings
Estado de retiro Estado de pérdida Estado dañado No para préstamo Localización permanente Ubicación/localización actual Fecha de adquisición Número de inventario Total de préstamos Signatura topográfica completa Código de barras Fecha visto por última vez Precio válido a partir de Tipo de ítem Koha
El ejemplar forma parte de la colección y puede ser consultado según las políticas vigentes.       Biblioteca del Museo Franz Mayer (Rogerio Casas-Alatriste) Biblioteca del Museo Franz Mayer (Rogerio Casas-Alatriste) 25/03/2011 G87   N7830 .F47 1959 (G87) 6404 22/03/2019 22/03/2019 Libros